| 000 | 00650nam a2200181 i 4500 | ||
|---|---|---|---|
| 001 | 71924 | ||
| 003 | ES-MaACL | ||
| 005 | 20230906171257.0 | ||
| 007 | t| | ||
| 008 | 040820s1975 sp ||||1| spa d | ||
| 100 | 1 |
_aGil, Federico G. _956726 |
|
| 245 | 1 | 0 |
_aLatinoamérica y Estados Unidos _b: dominio, cooperación y conflicto / _cFederico G. Gil ; presentación por Rafael López Pintor ; [traducción por Dámaso Alvarez Monteagudo]. |
| 260 |
_aMadrid : _bTecnos, _c[1975] |
||
| 300 |
_a269 p. ; _c23 cm. |
||
| 700 | 1 |
_aLópez Pintor, Rafael. _973893 |
|
| 700 | 1 |
_aAlvarez-Monteagudo Rizo, Dámaso. _920884 |
|
| 852 |
_aES-MaACL _jE-7012 _bR.91659 |
||
| 999 |
_c71924 _d71924 |
||